La Autogestión, el Estado y la revolución. (Record no. 40536)

MARC details
000 -LEADER
campo de control de longitud fija 00844cam a2200277K 4500
001 - NÚMERO DE CONTROL
campo de control 44596
005 - FECHA Y HORA DE LA ÚLTIMA TRANSACCIÓN
campo de control 20230410115415.0
008 - DATOS DE LONGITUD FIJA--INFORMACIÓN GENERAL
campo de control de longitud fija 990211s1969 ag 000 0 spa d
035 ## - NÚMERO DE CONTROL DEL SISTEMA
Número de control de sistema (OCoLC)ocm40776022
040 ## - FUENTE DE CATALOGACIÓN
Centro catalogador/agencia de origen PUL
Centro/agencia transcriptor PUL
035 ## - NÚMERO DE CONTROL DEL SISTEMA
Número de control de sistema (OCoLC)40776022
050 14 - SIGNATURA TOPOGRÁFICA DE LA BIBLIOTECA DEL CONGRESO
Número de clasificación HD 4851
Número de ítem A939 1969
245 03 - MENCIÓN DEL TÍTULO
Título La Autogestión, el Estado y la revolución.
260 ## - PUBLICACIÓN, DISTRIBUCIÓN, ETC.
Lugar de publicación, distribución, etc. Buenos Aires :
Nombre del editor, distribuidor, etc. Editorial Proyección,
Fecha de publicación, distribución, etc. [1969]
300 ## - DESCRIPCIÓN FÍSICA
Extensión 156 p.
Dimensiones 20 cm.
500 ## - NOTA GENERAL
Nota general Translation of : L'autogestion, l'etat et la révolution.
650 #0 - PUNTO DE ACCESO ADICIONAL DE MATERIA--TÉRMINO DE MATERIA
Término de materia o nombre geográfico como elemento de entrada Working class.
650 #0 - PUNTO DE ACCESO ADICIONAL DE MATERIA--TÉRMINO DE MATERIA
Término de materia o nombre geográfico como elemento de entrada Labor movement.
650 #0 - PUNTO DE ACCESO ADICIONAL DE MATERIA--TÉRMINO DE MATERIA
Término de materia o nombre geográfico como elemento de entrada Labor.
650 #0 - PUNTO DE ACCESO ADICIONAL DE MATERIA--TÉRMINO DE MATERIA
Término de materia o nombre geográfico como elemento de entrada Social conflict.
650 #0 - PUNTO DE ACCESO ADICIONAL DE MATERIA--TÉRMINO DE MATERIA
Término de materia o nombre geográfico como elemento de entrada Social control.
856 ## - LOCALIZACIÓN Y ACCESO ELECTRÓNICOS
Materiales especificados Mas?... busque en WorldCat (solo desde FUNGLODE)
Identificador Uniforme de Recursos <a href="http://wwww.firstsearch.oclc.org/fsip.">http://wwww.firstsearch.oclc.org/fsip.</a>
942 ## - ELEMENTOS DE ENTRADA SECUNDARIOS (KOHA)
Fuente del sistema de clasificación o colocación Clasificación de Library of Congress
Tipo de ítem Koha
994 ## -
-- C0
-- DRFGD
946 ## - PROCESAMIENTO DE INFORMACIÓN LOCAL (OCLC)
a csexposito
Holdings
Estatus retirado Estado de pérdida Fuente del sistema de clasificación o colocación Estado de daño No para préstamo Colección Biblioteca de origen Biblioteca actual Ubicación en estantería Fecha de adquisición Serial enumeration / chronology Signatura topográfica completa Código de barras Visto por última vez Copia número Tipo de ítem Koha
    Clasificación de Library of Congress     Ciencias Sociales Biblioteca Juan Bosch Biblioteca Juan Bosch Ciencias Sociales (3er. Piso) 10/04/2023 1 HD 4851 A939 1969 00000045191 24/10/2018 1